000 01032nam a22002417a 4500
005 20250415100651.0
008 250415b |||||||| |||| 00| 0 eng d
020 _a978-93-48409-48-5 (hbk)
037 _cTB
040 _aCRL
_cCRL
041 _2hin
_ahin
084 _aO152,3:g R5
_qCRL
245 _aकथा आलोचना एक संचयिता
260 _aदिल्ली, भारत:
_bअनन्य प्रकाशन,
_c2025.
300 _a312पृ0
365 _b700.00
_cINR
650 _aहिन्दी कहानी
650 _aहिन्दी साहित्य
700 _aराजकुमार (संपादक)
700 _aउदयशंकर (संपादक)
942 _2CC
_cTB
_hO152,3:g R5
_n0
999 _c1308974
_d1308974